| Tag |
First Indicator |
Second Indicator |
Subfields |
| LEADER |
00000cam a22000001a 4500 |
| 001 |
in00003201650 |
| 005 |
20190404174120.0 |
| 006 |
m d f |
| 007 |
cr bn mmmapmmp |
| 008 |
090922s1973 dcu o f000 0 eng d |
| 035 |
|
|
|a cis2007437681
|
| 040 |
|
|
|a UMI
|c UMI
|d UtOrBLW
|
| 043 |
|
|
|a n-us---
|
| 086 |
0 |
|
|a Y 4.G 74/7:T 19/2
|
| 099 |
|
|
|a HRG-1973-OPH-0039
|
| 110 |
1 |
|
|a United States.
|b Congress.
|b House.
|b Committee on Government Operations.
|b Legal and Monetary Affairs Subcommittee.
|
| 245 |
1 |
0 |
|a Tax return preparation--Internal Revenue Service and the commercial return preparer :
|b hearing before a subcommittee of the Committee on Government Operations, House of Representatives, Ninety-third Congress, first session /
|c May 14, 1973.
|
| 264 |
|
1 |
|a Washington :
|b U.S. Govt. Print. Off,
|c 1973.
|
| 300 |
|
|
|a 1 online resource.
|
| 336 |
|
|
|a text
|b txt
|2 rdacontent
|
| 337 |
|
|
|a computer
|b c
|2 rdamedia
|
| 338 |
|
|
|a online resource
|b cr
|2 rdacarrier
|
| 538 |
|
|
|a System requirements: PDF reader software.
|
| 500 |
|
|
|a Electronic resource.
|
| 610 |
1 |
0 |
|a United States.
|b Internal Revenue Service.
|
| 650 |
|
0 |
|a Tax consultants
|z United States.
|
| 655 |
|
7 |
|a Electronic books.
|2 local
|
| 710 |
2 |
|
|a ProQuest (Firm)
|
| 776 |
0 |
8 |
|i Print version:
|a United States. Congress. House. Committee on Government Operations. Legal and Monetary Affairs Subcommittee.
|t Tax return preparation--Internal Revenue Service and the commercial return preparer
|w (DLC)73602368
|
| 776 |
0 |
8 |
|i Microfiche version:
|a United States. Congress. House. Committee on Government Operations. Legal and Monetary Affairs Subcommittee.
|t Tax return preparation--Internal Revenue Service and the commercial return preparer.
|d [Bethesda, Md.] : ProQuest,[2004]
|o CIS 73 H401-21
|w (ProQuest)cis07300373
|
| 830 |
|
0 |
|a U.S. Congressional Hearings.
|
| 856 |
4 |
0 |
|u http://proxy.library.tamu.edu/login?url=http://congressional.proquest.com/congcomp/getdoc?HEARING-ID=HRG-1973-OPH-0039
|z Connect to the full text of this electronic book
|t 0
|
| 998 |
|
|
|a cis07300373
|
| 999 |
|
|
|a MARS
|
| 999 |
f |
f |
|s 9a625b67-b89f-33c2-b45b-6ce98c24b5d8
|i fe3c4718-d957-3a5c-926e-0fe4b2658ae0
|t 0
|
| 952 |
f |
f |
|a Texas A&M University
|b College Station
|c Electronic Resources
|d Available Online
|t 0
|e HRG-1973-OPH-0039
|h Other scheme
|
| 998 |
f |
f |
|a HRG-1973-OPH-0039
|t 0
|l Available Online
|